Sistemas de información contable /
Guardado en:
| Autor Principal: | |
|---|---|
| Otros Autores: | , , , |
| Formato: | Libro |
| Publicado: |
Buenos Aires :
Aique,
2002
|
| Series: | Polimodal
|
| Materias: | |
| Etiquetas: |
Agregar Etiqueta
Sin Etiquetas, Sea el primero en etiquetar este registro!
|
| LEADER | 01283nam a22002775a 4500 | ||
|---|---|---|---|
| 001 | CEM.cems010896 | ||
| 005 | 20080310083202.0 | ||
| 008 | 130507s2002##################000#0#####d | ||
| 003 | CEMS | ||
| 020 | |a 9507018573 | ||
| 082 | 0 | 4 | |a 657 |
| 100 | 1 | |a Fainstein, Héctor | |
| 245 | 1 | 0 | |a Sistemas de información contable / |c Héctor Fainstein ... [et Al.] |
| 260 | |a Buenos Aires : |b Aique, |c 2002 | ||
| 300 | |a 306 p. + CD ROM | ||
| 490 | 0 | |a Polimodal | |
| 500 | |a Incluye un Cd-rom en versión educativa | ||
| 505 | 0 | |a Los sistemas -- Las organizaciones -- Los sistemas de información -- Loas sistemas de información contable -- Los elementos básicos del proceso contable -- Las entradas del sistema contable -- La registración de las operaciones -- El contrato de trabajo y el registro de las remuneraciones -- La etapa final del proceso contable -- Las salidas del sistema contable -- Contabilidad para la gestión | |
| 653 | |a Contabilidad | ||
| 700 | 1 | |a Fanelli Leyes, Charis | |
| 700 | 1 | |a Laguía, Ana Carolina | |
| 700 | 1 | |a Kohon, Mario | |
| 700 | 1 | |a Vázquez, Jorge R. | |
| 859 | |a CEMS |b BIB. CEMS - 11 de abril |h 657 |i F149 |p 21601.02 |t Ej.1 | ||
| 859 | |a CEMS |b BIB. CEMS - 11 de abril |h 657 |i F149 |p 23544.06 |t Ej.2 | ||
| 859 | |a CEMS |b BIB. CEMS - 11 de abril |h 657 |i F149 |p 25129.08 |t Ej.3 | ||
